书目信息 |
| 题名: |
资本论
|
|
| 作者: | 马克思 著 | |
| 分册: | ||
| 出版信息: | 北京 中共中央党校出版社 1983.03 |
|
| 页数: | 655页 | |
| 开本: | 20cm | |
| 丛书名: | ||
| 单 册: | ||
| 中图分类: | A123 | |
| 科图分类: | ||
| 主题词: | 马恩著作--单行本--1864~1872年 | |
| 电子资源: | ||
| ISBN: | ||
| 000 | 00599nam0 2200229 45 | |
| 001 | 0181023466 | |
| 005 | 20070719185509.75 | |
| 010 | @dCNY1.90 | |
| 091 | @a1230.83 | |
| 100 | @a20810111d km y0chiy0120 ea | |
| 101 | 0 | @achi |
| 200 | 1 | @a资本论@AZi Ben Lun@f马克思著@FMa Ke Si Zhu |
| 205 | @a节选本 | |
| 210 | @a北京@c中共中央党校出版社@d1983.03 | |
| 215 | @a655页@c肖像@d20cm | |
| 300 | @a试用教材 | |
| 300 | @a纪念马克思逝世一百周年 | |
| 606 | 0 | @a马恩著作@x单行本@z1864~1872年 |
| 690 | @aA123@v3 | |
| 701 | 0 | @a马克思@4著 |
| 801 | @aCN@bTSTC@c20070719 | |
| 905 | @dA123@e17@f1@b113253 | |
| 资本论/马克思著.-节选本.-北京:中共中央党校出版社,1983.03 |
| 655页:肖像;20cm |
| 试用教材.-纪念马克思逝世一百周年 |
| ISBN :CNY1.90 |
| ● |
| 相关链接 |
|
|
|
|
正题名:资本论
索取号:A123/17
 
预约/预借
| 序号 | 登录号 | 条形码 | 馆藏地/架位号 | 状态 | 备注 |
| 1 | 0087504 | 202175038 | 密集书库/ [索取号:A123/17] | 在馆 | |
| 2 | 0087505 | 001868401 | 密集书库/ [索取号:A123/17] | 在馆 | |
| 3 | 0087506 | 000946908 | 第一借阅区/ [索取号:A123/17] | 在馆 | |
| 4 | 0113251 | 001868367 | 密集书库/ [索取号:A123/17] | 在馆 | |
| 5 | 0113252 | 000946873 | 第一借阅区/ [索取号:A123/17] | 在馆 | |
| 6 | 0113253 | 000946882 | 第一样本阅览室/ [索取号:A123/17] | 在馆 | |
| 7 | 0136756 | 000946944 | 第一借阅区/ [索取号:A123/17] | 在馆 | |
| 8 | 0136757 | 000946846 | 第一借阅区/ [索取号:A123/17] | 在馆 | |
| 9 | 0136758 | 001868447 | 密集书库/ [索取号:A123/17] | 在馆 | |
| 10 | 0229521 | 001787766 | 密集书库/ [索取号:A123/17] | 在馆 | |
| 11 | 0229522 | 001787944 | 密集书库/ [索取号:A123/17] | 在馆 | |
| 12 | 0229523 | 001787757 | 密集书库/ [索取号:A123/17] | 在馆 | |
| 13 | 0767844 | 207678440 | 密集书库/ [索取号:A123/17] | 在馆 |